Online
Catalog

La enciclopedia de los peces tropicales / (Record no. 10546)

MARC details
000 -CABECERA
campo de control de longitud fija 00778nam a2200229 a 4500
001 - NÚMERO DE CONTROL
campo de control 000010797
005 - FECHA Y HORA DE LA ÚLTIMA TRANSACCIÓN
campo de control 20200929162308.0
008 - DATOS DE LONGITUD FIJA--INFORMACIÓN GENERAL
campo de control de longitud fija 091012s2002 sp a 001 0 spa d
020 ## - NÚMERO INTERNACIONAL ESTÁNDAR DEL LIBRO
Número Internacional Estándar del Libro 8466203869
040 ## - FUENTE DE LA CATALOGACIÓN
Centro catalogador/agencia de origen DO-SdBNP
082 ## - NÚMERO DE LA CLASIFICACIÓN DECIMAL DEWEY
Número de clasificación R597
Número de documento/Ítem V514
049 ## - FONDOS LOCALES (OCLC)
Fondos de biblioteca BNPD
100 1# - ENTRADA PRINCIPAL--NOMBRE DE PERSONA
Nombre de persona Verhoef-Verhallen, Esther J. J.
9 (RLIN) 26084
240 #3 - TÍTULO UNIFORME
Título uniforme Encyclopaedia of tropical fish
245 13 - MENCIÓN DE TÍTULO
Título La enciclopedia de los peces tropicales /
Mención de responsabilidad, etc. Esther J. J. Verhoef-Verhallen; traducción Blanca de Cerro.
260 ## - PUBLICACIÓN, DISTRIBUCIÓN, ETC.
Lugar de publicación, distribución, etc. Madrid :
Nombre del editor, distribuidor, etc. Libsa,
Fecha de publicación, distribución, etc. 2002.
300 ## - DESCRIPCIÓN FÍSICA
Extensión 255 p. :
Otras características físicas il ;
Dimensiones 25 cm.
500 ## - NOTA GENERAL
Nota general Incluye datos biográficos de la autora en la solapa de la contracubierta
650 #4 - PUNTO DE ACCESO ADICIONAL DE MATERIA--TÉRMINO DE MATERIA
Término de materia o nombre geográfico como elemento de entrada Peces de acuarios
9 (RLIN) 26085
650 #4 - PUNTO DE ACCESO ADICIONAL DE MATERIA--TÉRMINO DE MATERIA
Término de materia o nombre geográfico como elemento de entrada Peces tropicales
9 (RLIN) 26086
700 1# - PUNTO DE ACCESO ADICIONAL--NOMBRE DE PERSONA
Nombre de persona Cerro, Blanca de
Término indicativo de función/relación trad.
9 (RLIN) 26087
Holdings
Estado de retiro Estado de pérdida Restricciones de uso No para préstamo Código de colección Localización permanente Ubicación/localización actual Ubicación en estantería Fecha de adquisición Número de inventario Total de préstamos Signatura topográfica completa Código de barras Fecha visto por última vez Precio válido a partir de Tipo de ítem Koha
      Excluido de préstamo Monografías: Libros y Folletos Patrimonio Dominicano Patrimonio Dominicano En catalogación 12.10.2009 LF1   R597 V514 10797-10 25.06.2020 25.06.2020 No se presta

Powered by Koha